000 00821nam a2200253 i 4500
003 DO-SdBNP
005 20241018144503.0
007 ta
008 241018b1906 pr ||||| |||| 00| 0 spa d
040 _aDO-SdBNP
_bspa
_cBNPHU
_erda
082 4 _axxx
_bxxx
_222
100 _984271
245 0 0 _aCompendio de la gramática de la lengua castellana según la academia española para la segunda enseñanza
250 _aVigésimaséptima edición reportada y aumentada con la prosodia
264 4 _aParís :
_bEditora Librería de la Vda. de C. Bouret,
_c1906.
300 _a160 páginas ;
_c18 cm.
336 _atexto
_btxt
_2rdacontent
337 _asin mediación
_bn
_2rdamedia
338 _asin mediación
_bnc
_2rdamedia
590 _aInventariado 2024/BT
650 _967
910 _aBtavárez
942 _2ddc
_cLBS1
999 _c57919
_d57919